HYDROXYPATITE POWDER AND FILMS ON METALLIC ALLOYS WITH CERAMIC BUFFER LAYERS / (Record no. 527982)

000 -LEADER
fixed length control field 00509nam a22001577a 4500
020 ## - INTERNATIONAL STANDARD BOOK NUMBER
Qualifying information Hard Cover.
082 ## - DEWEY DECIMAL CLASSIFICATION NUMBER
Classification number 620.44
100 ## - MAIN ENTRY--PERSONAL NAME
Personal name Khalid, Muhammad.
245 ## - TITLE STATEMENT
Title HYDROXYPATITE POWDER AND FILMS ON METALLIC ALLOYS WITH CERAMIC BUFFER LAYERS /
Statement of responsibility, etc. Muahmmad Khalid.
260 ## - PUBLICATION, DISTRIBUTION, ETC.
Place of publication, distribution, etc. Islamabad:
Name of publisher, distributor, etc. SCME - NUST,
Date of publication, distribution, etc. 2013.
300 ## - PHYSICAL DESCRIPTION
Extent xv, 146 p. : ill. ;
Dimensions 30cm.
942 ## - ADDED ENTRY ELEMENTS (KOHA)
Source of classification or shelving scheme
Koha item type Thesis
650 ## - SUBJECT ADDED ENTRY--TOPICAL TERM
Topical term or geographic name entry element Ph. D.
700 ## - ADDED ENTRY--PERSONAL NAME
Personal name Dr. Mohammad Mujahid.
650 ## - SUBJECT ADDED ENTRY--TOPICAL TERM
-- 19476
700 ## - ADDED ENTRY--PERSONAL NAME
-- 19410
Holdings
Withdrawn status Lost status Source of classification or shelving scheme Damaged status Not for loan Permanent Location Current Location Shelving location Date acquired Total Checkouts Full call number Barcode Date last seen Price effective from Koha item type
          Central Library (CL) Central Library (CL) Thesis 08/24/2019   620.44 CL-T-3128 08/24/2019 08/24/2019 Thesis
© 2023 Central Library, National University of Sciences and Technology. All Rights Reserved.